The Acts of the Apostles / (Record no. 5428)
[ view plain ]
| 000 -LEADER | |
|---|---|
| fixed length control field | 00872cam a2200289 a 4500 |
| 001 - CONTROL NUMBER | |
| control field | 1810527 |
| 003 - CONTROL NUMBER IDENTIFIER | |
| control field | GBCCL |
| 005 - DATE AND TIME OF LATEST TRANSACTION | |
| control field | 20241126110541.0 |
| 008 - FIXED-LENGTH DATA ELEMENTS--GENERAL INFORMATION | |
| fixed length control field | 800123s1979 txu b 000 0 eng |
| 010 ## - | |
| -- | 79063269 |
| 020 ## - INTERNATIONAL STANDARD BOOK NUMBER | |
| International Standard Book Number | 0834400693 (v. 1) |
| 020 ## - INTERNATIONAL STANDARD BOOK NUMBER | |
| International Standard Book Number | 0834400995 (v. 2) |
| 040 ## - CATALOGING SOURCE | |
| Original cataloging agency | DLC |
| Transcribing agency | DLC |
| Modifying agency | DLC |
| 050 00 - | |
| -- | BS2625.3 |
| -- | .O84 |
| 082 00 - DEWEY DECIMAL CLASSIFICATION NUMBER | |
| Classification number | 225.77 |
| -- | 226.6077 |
| Edition information | 19 |
| Item number | LIV |
| 100 1# - MAIN ENTRY--PERSONAL NAME | |
| Personal name | Ash, Anthony Lee. |
| 9 (RLIN) | 9752 |
| 245 14 - TITLE STATEMENT | |
| Title | The Acts of the Apostles / |
| Statement of responsibility, etc. | Anthony Lee Ash. |
| 260 ## - PUBLICATION, DISTRIBUTION, ETC. | |
| Place of publication, distribution, etc. | Austin, Tex. : |
| Name of publisher, distributor, etc. | Sweet Pub. Co., |
| Date of publication, distribution, etc. | c1979. |
| 300 ## - PHYSICAL DESCRIPTION | |
| Extent | 2 v. ; |
| Dimensions | 22 cm. |
| 440 #4 - SERIES STATEMENT/ADDED ENTRY--TITLE | |
| Title | The Living word commentary ; |
| Volume/sequential designation | 6 |
| 9 (RLIN) | 9753 |
| 500 ## - GENERAL NOTE | |
| General note | Vol. 2: By Richard Oster. |
| 504 ## - BIBLIOGRAPHY, ETC. NOTE | |
| Bibliography, etc. note | Bibliography: v. 1, p. 22-23. |
| 630 00 - SUBJECT ADDED ENTRY--UNIFORM TITLE | |
| Uniform title | Bible. |
| Name of part/section of a work | Acts |
| General subdivision | Commentaries. |
| 9 (RLIN) | 845 |
| 700 1# - ADDED ENTRY--PERSONAL NAME | |
| Personal name | Oster, Richard. |
| 9 (RLIN) | 9754 |
| 906 ## - LOCAL DATA ELEMENT F, LDF (RLIN) | |
| a | 7 |
| b | cbc |
| c | orignew |
| d | 2 |
| e | opcn |
| f | 19 |
| g | y-gencatlg |
| 942 ## - ADDED ENTRY ELEMENTS (KOHA) | |
| Source of classification or shelving scheme | Dewey Decimal Classification |
| Koha item type | Reference Books |
| Withdrawn status | Lost status | Source of classification or shelving scheme | Damaged status | Not for loan | Home library | Current Library | Shelving location | Date acquired | Total checkouts | Full call number | Barcode | Date last seen | Copy number | Price effective from | Koha item type |
|---|---|---|---|---|---|---|---|---|---|---|---|---|---|---|---|
| Dewey Decimal Classification | GRACE BIBLE COLLEGE | GRACE BIBLE COLLEGE | Commentary | 2018-03-19 | 225.77 LIV | 006715 | 2025-05-01 | v.6 v.1 | 2018-03-19 | Reference Books | |||||
| Dewey Decimal Classification | GRACE BIBLE COLLEGE | GRACE BIBLE COLLEGE | Commentary | 2018-03-19 | 225.77 LIV | 006716 | 2025-05-01 | v.6 v.2 | 2018-03-19 | Reference Books |